| 000 | 00565nam a22001817a 4500 | ||
|---|---|---|---|
| 999 |
_c61749 _d61749 |
||
| 005 | 20240426160926.0 | ||
| 008 | 240426s2008 enk||||| |||| 00| 0 eng d | ||
| 020 | _a9781930513853x | ||
| 041 | _aeng | ||
| 080 | _a616.9 I-60 | ||
| 245 | _aExpert Guide to Infectious Diseases. | ||
| 250 | _aSecond Edition | ||
| 264 |
_aPhiladelphia : _bAmer College of Physicians, _c2008. |
||
| 300 |
_a938 p.: _bill.; _c23 cm. |
||
| 653 | _aინფექციური დაავადებები | ||
| 653 | _aმედიცინა | ||
| 942 |
_2udc _cᲬᲘᲒᲜᲘ |
||